Statistiken für Größte Städte Irlands

Klicken Sie hier um das Quiz zu spielen!

Allgemein

  • Dieses Quiz wurde 34 mal gespielt
  • Das Durchschnittsergebnis liegt bei 4 aus 10

Antwortstatistiken

EinwohnerzahlStadt% Korrekt
1.263.219Dublin
100%
222.526Cork
94%
85.910Galway
75%
102.287Limerick
66%
60.079Waterford
53%
44.135Drogheda
25%
43.112Dundalk
16%
33.512Bray
6%
33.886Navan
3%
40.776Swords
3%

Verteilung der Resultate

Perzentil nach korrekt beantworteten Fragen

Anzahl Personen mit jedem Resultat

Ihre Resultats-Entwicklung

Sie haben dieses Quiz noch nicht gespielt